000 00953nam a2200277 i 4500
001 53962
003 ES-MaACL
005 20231227143752.0
007 t|
008 031119s2001 sp ||||0| spa d
020 _a84-7491-641-0
040 _aM-BN
_bspa
_cM-BN
080 _a1 Sanz del Río, Julián
080 _a929 Sanz del Río, Julián
100 1 _aOrden Jiménez, Rafael V.
_987179
245 1 0 _aSanz del Río en la Universidad Central
_b: los años de formación (1837-1854) /
_cRafael V. Orden Jiménez.
260 _aMadrid :
_bEditorial Complutense,
_c[2001]
300 _a215 p ;
_c24 cm.
490 1 _aPhilosophica Complutensia ;
_v16
500 _aIncluye (p. 127-206) anexo documental.
504 _aBibliografía: p. 207-210. Indice.
600 1 4 _aSanz del Río, Julián,
_d1814-1869
_9132463
830 0 _aPhilosophica Complutensia ;
_v16
_9182478
852 _aES-MaACL
_jL-26728
_bR.131433
999 _c53962
_d53962